| 000 | 00495nam a2200157 a 4500 | ||
|---|---|---|---|
| 005 | 20210219150549.0 | ||
| 008 | 991125s1961 mx 000 0 spa u | ||
| 035 | _aUPN01000016633 | ||
| 049 | _aCG | ||
| 050 | 4 |
_aLB775.6 _bD66 |
|
| 245 | 0 | 0 | _aDon Enrique C. Rébsamen y su obra en Jalisco. |
| 260 |
_aGuadalajara : _bAcademia Mexicana de la Educación : _bEl Ateneo Jaliscience de la Educación, _c[1961]. |
||
| 300 | _a61 p. | ||
| 600 | 1 | 4 |
_aREBSAMEN, ENRIQUE CONRADO, _d1857-1904 |
| 905 | _aLibro | ||
| 999 |
_c16633 _d16633 |
||